Statistics for Losers - The Weeknd Lyrics

Click here to take the quiz!

General Stats

  • This quiz has been taken 10 times
  • The average score is 210 of 232

Answer Stats

HintLyrics% Correct
a
100%
already?
100%
can
100%
can't
100%
'Cause
100%
Do
100%
do
100%
don't
100%
go
100%
heart
100%
I
100%
"I
100%
know
100%
2xlose?
100%
losers
100%
love
100%
make
100%
me
100%
my
100%
on
100%
Verse1 | Verse2Only
100%
prove
100%
school
100%
show
100%
stupid's
100%
teach
100%
That
100%
that
100%
the
100%
they
100%
to?
100%
to
100%
what
100%
What
100%
you
100%
you,
100%
you"
100%
And
89%
and
89%
count
89%
next
89%
HookNo?
89%
our
89%
own
89%
We
89%
we
89%
Who
89%
You're
89%
you're
89%
all
78%
grown
78%
I'm
78%
move
78%
not
78%
now
78%
qualified
78%
sense
78%
So
78%
test
78%
type
78%
up
78%
we're
78%
alone
67%
came
67%
coming
67%
did
67%
far
67%
for
67%
it
67%
myself
67%
owe
67%
this
67%
2xthrone
67%
Come
56%
gone
56%
how
56%
inside
56%
taught
56%
tube
56%
we've
56%
put
44%
uh
22%

Score Distribution

Percentile by Number Answered

Percent of People with Each Score

Your Score History

You have not taken this quiz